Least Peaceful Countries of the World A-Z - Statistics

General Stats
  • This quiz has been taken 352 times
    296 since last reset
  • The average score is 14 of 24
Answer Stats
Country # % Correct
A Afghanistan 163
84%
O Oman 69
81%
Y Yemen 160
81%
Q Qatar 31
80%
Z Zimbabwe 132
79%
R Russia 154
71%
I Iraq 159
70%
J Jamaica 83
67%
V Venezuela 144
67%
H Honduras 123
62%
K Kenya 119
61%
F France 60
60%
U Ukraine 150
57%
P Pakistan 153
56%
S Syria 162
55%
D Dem. Rep. of the Congo 155
51%
L Libya 156
49%
N North Korea 149
49%
T Turkey 152
47%
B Burundi 135
43%
M Mali 145
42%
E Egypt 136
39%
G Guatemala 114
39%
C Central African Republic 157
37%
No matching quizzes found
Score Distribution
Percent of People with Each Score
Percentile by Number Answered
Your Score History
You have not taken this quiz since the last reset